<?xml version="1.0" encoding="UTF-8"?>
<collection xmlns="http://www.loc.gov/MARC21/slim">
 <record>
  <leader>02927nam a22002057a 4500</leader>
  <controlfield tag="001">NCT_4_001904</controlfield>
  <controlfield tag="008">171016b        xxu||||| |||| 00| 0 vie d</controlfield>
  <datafield tag="999" ind1=" " ind2=" ">
   <subfield code="c">7956</subfield>
   <subfield code="d">7956</subfield>
  </datafield>
  <datafield tag="020" ind1=" " ind2=" ">
   <subfield code="c">715000</subfield>
  </datafield>
  <datafield tag="082" ind1="0" ind2="4">
   <subfield code="2">23rd ed.</subfield>
   <subfield code="a">615.32</subfield>
   <subfield code="b">Ch300/T.1</subfield>
  </datafield>
  <datafield tag="100" ind1="1" ind2=" ">
   <subfield code="a">Võ Văn Chi</subfield>
  </datafield>
  <datafield tag="245" ind1="1" ind2="0">
   <subfield code="a">Từ điển cây thuốc Việt Nam </subfield>
   <subfield code="b">Bộ mới</subfield>
   <subfield code="n">Tập 1</subfield>
   <subfield code="c">Võ Văn Chi</subfield>
  </datafield>
  <datafield tag="260" ind1=" " ind2=" ">
   <subfield code="a">H.</subfield>
   <subfield code="b">Y học</subfield>
   <subfield code="c">2021</subfield>
  </datafield>
  <datafield tag="300" ind1=" " ind2=" ">
   <subfield code="a">1675 tr.</subfield>
   <subfield code="b">hình vẽ</subfield>
   <subfield code="c">27cm</subfield>
  </datafield>
  <datafield tag="520" ind1="3" ind2=" ">
   <subfield code="a">Nội dung tài liệu gồm hai phần: Phần thứ nhất - Phần Đại cương Tác giả giới thiệu cách nhận biết về cỏ cây, về cây định dạng, các bộ phận của cây, phân loại các loại cây và việc sử dụng các loại cỏ nói chung để làm thuốc chữa bệnh. Ngoài ra, tác giả còn giới thiệu về các đặc tính dược theo Y học cổ truyền, các nhóm hoạt động chính của cây thuốc, các bộ phận được sử dụng làm thuốc, các tính chất của bệnh, cách trồng và thu hái, bảo quản, bào mode to used used; Phần thứ hai - Cây thuốc mọc hoang và được trồng ở Việt Nam Tác giả sắp xếp các cây thuốc theo vần A, B, C... Ở mỗi cây thuốc đều có các hình vẽ chính để minh họa. Ngoài ra, sau mỗi một vần của cây thuốc, lại có các màu của cây thuốc, giúp độc giả, có thể dễ dàng nhận biết các loại thuốc mà mình muốn tìm hiểu. Với cách sắp xếp như vậy, chúng ta có thể tìm thấy thuốc cây số ở mỗi vần, ví dụ vần A, 9 cây, vần B, 241 cây, vần C, 481 cây, vần D, 192 cây... Vần T , nhiều nhất, tới 542 cây, vần Y, ít nhất, 2 cây. Trong số thuốc cây số lên tới con số 3107, một con số khá lớn, đáp ứng được định mức nhất định về việc tra cứu các loại thuốc cây, mà độc giả muốn tìm kiếm đề tài nghiên cứu cũng như việc vận dụng các cây thuốc, thuốc chữa bệnh cho bản thân hoặc thuốc cho phương pháp điều trị, cũng như cho sản xuất</subfield>
  </datafield>
  <datafield tag="653" ind1=" " ind2=" ">
   <subfield code="a">Dược học</subfield>
  </datafield>
  <datafield tag="942" ind1=" " ind2=" ">
   <subfield code="2">ddc</subfield>
   <subfield code="c">BK</subfield>
  </datafield>
  <datafield tag="952" ind1=" " ind2=" ">
   <subfield code="0">0</subfield>
   <subfield code="1">0</subfield>
   <subfield code="2">ddc</subfield>
   <subfield code="4">0</subfield>
   <subfield code="6">615_320000000000000_CH300_T_1</subfield>
   <subfield code="7">0</subfield>
   <subfield code="9">28285</subfield>
   <subfield code="a">000001</subfield>
   <subfield code="b">000001</subfield>
   <subfield code="d">2023-11-30</subfield>
   <subfield code="o">615.32 Ch300/T.1</subfield>
   <subfield code="p">MD.22029</subfield>
   <subfield code="r">2023-11-30</subfield>
   <subfield code="v">715000.00</subfield>
   <subfield code="w">2023-11-30</subfield>
   <subfield code="y">BK</subfield>
  </datafield>
  <datafield tag="952" ind1=" " ind2=" ">
   <subfield code="0">0</subfield>
   <subfield code="1">0</subfield>
   <subfield code="2">ddc</subfield>
   <subfield code="4">0</subfield>
   <subfield code="6">615_320000000000000_CH300_T_1</subfield>
   <subfield code="7">0</subfield>
   <subfield code="9">28286</subfield>
   <subfield code="a">000001</subfield>
   <subfield code="b">000001</subfield>
   <subfield code="d">2023-11-30</subfield>
   <subfield code="o">615.32 Ch300/T.1</subfield>
   <subfield code="p">MD.22030</subfield>
   <subfield code="r">2023-11-30</subfield>
   <subfield code="v">715000.00</subfield>
   <subfield code="w">2023-11-30</subfield>
   <subfield code="y">BK</subfield>
  </datafield>
  <datafield tag="980" ind1=" " ind2=" ">
   <subfield code="a">Thư viện Trường Đại học Nam Cần Thơ</subfield>
  </datafield>
 </record>
</collection>
